000
00272nam a22001217a 4500
008
170503b xxu||||| |||| 00| 0 eng d
041
_a
eng
080
_a
342
100
_a
13
101
_a
SHJ
245
_a
COMMMERCIAL AND CONSUMER LAW
_c
SPEIDEL.R.E
942
_2
udc
_c
BK
999
_c
12508
_d
12508